000 00631nam a2200217 a 4500
001 BRL_1962
005 20190320211443.0
008 190117s1981----mx-a######---#000-0#spa-#
041 _aspa
050 4 _bG88 1981
100 1 _aGutiérrez Castillas, Manuel
_928326
245 1 0 _aLas artesanías populares de madera en México.
260 _aMéxico, D.F.
_c1981
300 _a196 p.
_bil.
_c27 cm.
500 _aAu873
502 _aTesis Licenciatura (Licenciado en Diseño Gráfico) UIA
650 1 4 _aTallado en madera mexicano
_928327
650 1 4 _aTrabajos manuales
_zMéxico
_928328
902 _aTERL
942 _2lcc
_cTES
999 _c10769
_d10769